02226nam a22002417a 450000500170000000800410001702000180005804000070007604100080008308200160009110000270010724500670013426000570020130000310025844000530028952013830034265000330172565000270175865000280178594200120181399900190182595201400184420250724152041.0250724b |||||||| |||| 00| 0 eng d a9781433834523 cAL aeng a001.4bLEVE aHeidi M Levitt9219966 aEssentials of critical constructivist grounded theory research aWashingtonbAmerican Psychological Associationc2021 aviii,112p.bPBc23x15.50cm aEssentials of qualitative methods series9219965 aThis book provides a step-by-step description of how to use critical-constructivist grounded theory (CCGT) methods. This flexible approach can aid researchers in investigating topics within psychological, interpersonal, and sociocultural contexts. It leads readers to reflexively examine their research process, incorporate critical and constructivist procedures, and produce rich, multi-layered findings that demonstrate methodological integrity. The author guides researchers so that their own research goals shape the application of CCGT methods and their specific inquiry is strengthened. The brief, practical texts in the Essentials of Qualitative Methods series introduce social science and psychology researchers to key approaches to capturing phenomena not easily measured quantitatively, offering exciting, nimble opportunities to gather in-depth qualitative data. About the Essentials of Qualitative Methods book series: Even for experienced researchers, selecting and correctly applying the right method can be challenging. In this groundbreaking series, leading experts in qualitative methods provide clear, crisp, and comprehensive descriptions of their approach, including its methodological integrity, and its benefits and limitations. Each book includes numerous examples to enable readers to quickly and thoroughly grasp how to leverage these valuable methods. aQualitative Research9219960 aConstructivism9219961 aGrounded Theory9219962 2ddccBK c234672d234672 00102ddc40738JRaALbALcRSd2025-07-23eamazon.ing3026.87l1o001.4 LEVEp077772r2025-07-30 16:14:50s2025-07-30w2025-07-24yBK